000
00194nam a22000977a 4500
041
_a
eng
080
_a
80
100
_a
Bright, William
245
_a
Language. Vol. 56, № 1, 1980
999
_c
282239
_d
282239
942
_c
BK